Fr. Conceicao Rodrigues College of Engineering

Metals & man (Record no. 20595)

MARC details
000 -LEADER
fixed length control field 00275nam a2200145Ia 4500
082 ## - DEWEY DECIMAL CLASSIFICATION NUMBER
Classification number 546.3
Item number VAS
100 ## - MAIN ENTRY--PERSONAL NAME
Personal name VAsilyev/M
245 ## - TITLE STATEMENT
Title Metals & man
260 ## - PUBLICATION, DISTRIBUTION, ETC.
Name of publisher, distributor, etc. Mir Publishers
300 ## - PHYSICAL DESCRIPTION
Extent 284
546 ## - LANGUAGE NOTE
Language note ENGLISH
654 ## - SUBJECT ADDED ENTRY--FACETED TOPICAL TERMS
Focus term Metals
942 ## - ADDED ENTRY ELEMENTS (KOHA)
Koha item type BOOK
Holdings
Withdrawn status Lost status Damaged status Not for loan Collection Home library Current library Date acquired Total Checkouts Full call number Barcode Date last seen Price effective from Koha item type
        AFT Fr. Agnel's C.Rodrigues College of Engineering Fr. Agnel's C.Rodrigues College of Engineering 17/03/2023   546.3 VAS AFT1089 17/03/2023 17/03/2023 BOOK